Statistiques concernant La nourriture orientale

Cliquez ici pour prendre le quiz!

Statistiques générales

  • Ce quiz a été pris 137 fois
  • Le résultat moyen est 7 sur 17

Statistiques - réponses

Réponse% Correct
Couscous
96%
Kebab
86%
Tajine
85%
Houmous
82%
Taboulé
69%
Baklava
54%
Brochettes
43%
Pita
39%
Kefta
29%
Pastilla
25%
Yaourt grec
25%
Pain à pita
21%
Chakchouka
18%
Raki
9%
Basboussa
4%
Maamoul
0%
Pastika
0%

Distribution des résultats

Percentile par nombre de réponses

% des personnes avec chaque résultat

Votre développement - résultats

Vous n’avez pas pris ce quiz